Normal view
MARC view
- التعليم الابتدائي-الرياضيات-المناهج والمقرارات. التعليم الابتدائي-العلوم-المناهج والمقرارات
Entry Topical Term
001 - CONTROL NUMBER
- control field: 22505
003 - CONTROL NUMBER IDENTIFIER
- control field: JO-AjAnu
005 - DATE AND TIME OF LATEST TRANSACTION
- control field: 20230606073901.0
008 - FIXED-LENGTH DATA ELEMENTS
- fixed length control field: 230606|| aca||aabn | a|a d
040 ## - CATALOGING SOURCE
- Original cataloging agency: JO-AjAnu
- Transcribing agency: JO-AjAnu
150 ## - HEADING--TOPICAL TERM
- Topical term or geographic name entry element: التعليم الابتدائي-الرياضيات-المناهج والمقرارات. التعليم الابتدائي-العلوم-المناهج والمقرارات
670 ## - SOURCE DATA FOUND
- Source citation: Work cat.: (JO-AjAnu)11567: رواشدة،إبراهيم مؤلف/الجراح،ضياء م.مشارك/الطيطي،محمد م.مشارك/الطعاني،وحيد م.مشارك/الحسون،عدنان م.مشارك, author 22504, أساليب تدريس العلوم والرياضيات (لمرحلة رياض الأطفال والأساسية الدنيا)